000 00298 a2200157 4500
001 61439
020 _a
040 _cAnchieta - Pituba
100 _aSilvernale, Max N.
240 1 0 _aZoologia
_lEsp
245 1 0 _aZoologia
300 _a671
362 0 _a1968
650 4 _aAnimal
942 _cBK
999 _c61439
_d61439